[Event "GER CupT"]
[Site "Germany"]
[Date "2023.01.28"]
[Round "1.2"]
[White "Hansch, Stephan"]
[Black "Philipp, Michael"]
[Result "1-0"]
[WhiteElo "2106"]
[BlackElo "2186"]
[PlyCount "153"]
[EventDate "2023.01.28"]
[EventType "team-k.o."]
[EventRounds "4"]
[EventCountry "GER"]
[SourceTitle "EXT 2024"]
[Source "ChessBase"]
[SourceDate "2023.10.10"]
[SourceVersion "1"]
[SourceVersionDate "2023.10.10"]
[SourceQuality "1"]
[WhiteTeam "Stendal"]
[BlackTeam "Weimar Vimaria"]
[WhiteTeamCountry "GER"]
[BlackTeamCountry "GER"]

1. d4 f5 2. c4 Nf6 3. Nf3 g6 4. g3 Bg7 5. Bg2 0-0 6. Nc3 d6 7. 0-0 Nc6 8. d5 Ne5 9. Qb3 Nxf3+ 10. Bxf3 e5 11. dxe6 c6 12. Rd1 Qe7 13. Bf4 Rd8 14. Qc2 Bxe6 15. b3 d5 16. cxd5 Nxd5 17. Nxd5 Bxd5 18. Bxd5+ Rxd5 19. Rxd5 Bxa1 20. Rd1 Bf6 21. Qc4+ Kg7 22. Be3 a6 23. Bc5 Qc7 24. Qe6 Rd8 25. Bf8+ Rxf8 26. Rd7+ Qxd7 27. Qxd7+ Rf7 28. Qc8 Re7 29. e3 Kf7 30. Kf1 Bc3 31. g4 fxg4 32. Qxg4 Bf6 33. Qc8 Be5 34. h3 Rc7 35. Qd8 Re7 36. f4 Bf6 37. Qd3 h6 38. e4 g5 39. e5 Bg7 40. Qf5+ Kg8 41. Qc8+ Kf7 42. fxg5 hxg5 43. Qf5+ Ke8 44. Qg6+ Rf7+ 45. Ke2 Bxe5 46. Qxg5 Re7 47. Kd3 Kd7 48. h4 c5 49. Kc4 Bd4 50. Kd5 b5 51. h5 a5 52. h6 Re8 53. Qf5+ Ke7 54. Qe6+ Kf8 55. Qg6 Ke7 56. Qd6+ Kf7 57. Qd7+ Re7 58. Qxb5 Bc3 59. Qf1+ Bf6 60. Kxc5 Re5+ 61. Kb6 Kg6 62. h7 Rh5 63. Qd3+ Kf7 64. Qc4+ Ke7 65. Qc7+ Ke6 66. Kc6 Bc3 67. Qd7+ Kf6 68. Qd8+ Kf7 69. Qc7+ Ke6 70. Qd6+ Kf7 71. Qd7+ Kf6 72. a3 Rh6 73. Kb5 Rh5+ 74. Kc4 Bb2 75. Qc6+ Ke7 76. Qe4+ Kd6 77. Qg6+ 1-0

[Event "Titled Tuesday intern op 17th Aug"]
[Site "Chess.com INT"]
[Date "2021.08.17"]
[Round "2"]
[White "Hansch, Stephan"]
[Black "Leve, Nitai D"]
[Result "1-0"]
[WhiteElo "2158"]
[BlackElo "2128"]
[PlyCount "57"]
[EventDate "2021.08.17"]
[EventType "swiss (blitz)"]
[EventRounds "11"]
[EventCountry "USA"]
[SourceTitle "EXT 2022"]
[Source "ChessBase"]
[SourceDate "2021.10.06"]
[SourceVersion "1"]
[SourceVersionDate "2021.10.06"]
[SourceQuality "1"]

1. d4 Nf6 2. c4 g6 3. g3 Bg7 4. Bg2 0-0 5. Nc3 c6 6. e4 d6 7. Nf3 e5 8. 0-0 exd4 9. Nxd4 Nbd7 10. h3 Ne5 11. b3 c5 12. Nde2 Nc6 13. Be3 Re8 14. Rc1 a6 15. Qd2 Qe7 16. Nf4 Be6 17. Rcd1 Rad8 18. g4 Bxg4 19. Ncd5 Nxd5 20. Nxd5 Qh4 21. Bg5 Qh5 22. hxg4 Qxg4 23. Bxd8 Nd4 24. f3 Qg3 25. Qg5 Ne2+ 26. Kh1 Re5 27. Qxg3 Nxg3+ 28. Kg1 Bh6 29. Kf2 1-0

[Event "Titled Tuesday intern op 17th Aug"]
[Site "Chess.com INT"]
[Date "2021.08.17"]
[Round "4"]
[White "Hansch, Stephan"]
[Black "Nguyen, Hong Anh"]
[Result "1/2-1/2"]
[WhiteElo "2158"]
[BlackElo "1993"]
[PlyCount "141"]
[EventDate "2021.08.17"]
[EventType "swiss (blitz)"]
[EventRounds "11"]
[EventCountry "USA"]
[SourceTitle "EXT 2022"]
[Source "ChessBase"]
[SourceDate "2021.10.06"]
[SourceVersion "1"]
[SourceVersionDate "2021.10.06"]
[SourceQuality "1"]

1. d4 Nf6 2. c4 g6 3. g3 Bg7 4. Bg2 d5 5. Nc3 dxc4 6. Nf3 0-0 7. 0-0 Na6 8. e4 c5 9. d5 e6 10. d6 Nb4 11. e5 Nfd5 12. Ne4 Nc6 13. Bg5 Qb6 14. Nf6+ Bxf6 15. Bxf6 Nxf6 16. exf6 Qd8 17. g4 Qxf6 18. d7 Qxb2 19. Rb1 Qf6 20. dxc8Q Raxc8 21. Rxb7 Qf4 22. g5 Nd4 23. Rd7 Nxf3+ 24. Qxf3 Qxg5 25. Qb7 Rcd8 26. Qxa7 c3 27. h4 Qxh4 28. Rxd8 Rxd8 29. Qxc5 Qa4 30. Qxc3 Qxa2 31. Qf6 Qd2 32. Qf3 Qd4 33. Qe4 Qxe4 34. Bxe4 Rd4 35. Bg2 Kg7 36. Ra1 h5 37. Ra3 g5 38. Kh2 Kg6 39. Kg1 f5 40. Ra6 Kf6 41. Ra8 g4 42. Rh8 Kg5 43. Rg8+ Kf4 44. Rh8 Kg5 45. Rg8+ Kh4 46. Re8 Rd6 47. Re7 f4 48. Rf7 f3 49. Bf1 e5 50. Re7 Rd5 51. Re8 Kg5 52. Rg8+ Kf4 53. Rh8 e4 54. Rf8+ Ke5 55. Rh8 Kd4 56. Kh2 e3 57. fxe3+ Kxe3 58. Kg3 Rd1 59. Re8+ Kd2 60. Rd8+ Ke1 61. Rxd1+ Kxd1 62. Kf2 Kd2 63. Bb5 h4 64. Bc6 Kd3 65. Bd7 g3+ 66. Kxf3 Kd2 67. Kg2 Ke1 68. Bc6 Ke2 69. Kh3 Kf2 70. Kxh4 g2 71. Bxg2 1/2-1/2

[Event "Titled Tuesday intern op 29th Dec"]
[Site "Chess.com INT"]
[Date "2020.12.29"]
[Round "4"]
[White "Hansch, Stephan"]
[Black "Abdisalimov, Abdimalik"]
[Result "1-0"]
[WhiteElo "2149"]
[BlackElo "2392"]
[PlyCount "79"]
[EventDate "2020.12.29"]
[EventType "swiss (blitz)"]
[EventRounds "11"]
[EventCountry "USA"]
[SourceTitle "CBM 200 Extra"]
[Source "ChessBase"]
[SourceDate "2021.03.31"]
[SourceVersion "1"]
[SourceVersionDate "2021.03.31"]
[SourceQuality "1"]

1. d4 Nf6 2. c4 g6 3. Nc3 Bg7 4. e4 d6 5. Nf3 0-0 6. Be2 Bg4 7. Be3 Nfd7 8. Ng1 Bxe2 9. Ngxe2 e5 10. Qd2 Nc6 11. d5 Ne7 12. g4 a6 13. h4 Rb8 14. h5 b5 15. hxg6 fxg6 16. Bh6 Bxh6 17. Qxh6 Rf7 18. f4 Qf8 19. Qxf8+ Rfxf8 20. cxb5 axb5 21. f5 b4 22. Nd1 Nf6 23. Nf2 gxf5 24. gxf5 c6 25. dxc6 Nxc6 26. 0-0-0 Rbd8 27. Kb1 Kf7 28. Ng3 Rg8 29. Nh5 Ne8 30. Rdg1 Rxg1+ 31. Rxg1 Nd4 32. Ng4 b3 33. axb3 Rb8 34. Nh6+ Ke7 35. Ng7 Rxb3 36. Nxe8 Kxe8 37. f6 Rf3 38. Rg8+ Kd7 39. f7 Ne6 40. Nf5 1-0

[Event "Titled Tuesday intern op 29th Dec"]
[Site "Chess.com INT"]
[Date "2020.12.29"]
[Round "11"]
[White "Hansch, Stephan"]
[Black "Nguyen, Quoc Hy"]
[Result "0-1"]
[WhiteElo "2149"]
[BlackElo "2242"]
[PlyCount "66"]
[EventDate "2020.12.29"]
[EventType "swiss (blitz)"]
[EventRounds "11"]
[EventCountry "USA"]
[SourceTitle "CBM 200 Extra"]
[Source "ChessBase"]
[SourceDate "2021.03.31"]
[SourceVersion "1"]
[SourceVersionDate "2021.03.31"]
[SourceQuality "1"]

1. d4 d5 2. c4 c6 3. Nf3 Nf6 4. Nc3 Bg4 5. cxd5 Bxf3 6. gxf3 cxd5 7. Qb3 Qd7 8. Bf4 e6 9. e3 Nc6 10. Bd3 Bd6 11. Bxd6 Qxd6 12. f4 0-0 13. h4 a6 14. h5 b5 15. h6 g6 16. a3 Rfc8 17. Rg1 Rab8 18. Qc2 b4 19. Bxg6 fxg6 20. Rxg6+ Kf7 21. Rxf6+ Kxf6 22. Qxh7 Qe7 23. Qd3 bxc3 24. bxc3 Rh8 25. e4 Rxh6 26. e5+ Kf7 27. Ke2 Qh4 28. Rg1 Rb2+ 29. Kd1 Qxf2 30. Kc1 Qxg1+ 31. Kxb2 Na5 32. Qxa6 Rh2+ 33. Qe2 Rxe2# 0-1

[Event "Titled Tuesday intern op 29th Dec"]
[Site "Chess.com INT"]
[Date "2020.12.29"]
[Round "6"]
[White "Hansch, Stephan"]
[Black "Sanchez Alvares, Kelvin Antonio"]
[Result "1-0"]
[WhiteElo "2149"]
[BlackElo "2250"]
[PlyCount "59"]
[EventDate "2020.12.29"]
[EventType "swiss (blitz)"]
[EventRounds "11"]
[EventCountry "USA"]
[SourceTitle "CBM 200 Extra"]
[Source "ChessBase"]
[SourceDate "2021.03.31"]
[SourceVersion "1"]
[SourceVersionDate "2021.03.31"]
[SourceQuality "1"]

1. d4 Nf6 2. c4 d6 3. Nf3 g6 4. Nc3 Bg7 5. e4 0-0 6. Be2 Nc6 7. Be3 e5 8. d5 Ne7 9. Nd2 Nd7 10. f3 f5 11. 0-0 Nc5 12. b4 Nd7 13. c5 a5 14. bxa5 Nxc5 15. Bxc5 dxc5 16. Nc4 fxe4 17. fxe4 Rxf1+ 18. Qxf1 Bd7 19. Rb1 Qc8 20. d6 Nc6 21. Nd5 Nd4 22. Ne7+ Kh8 23. Nxc8 Rxc8 24. Rxb7 Rf8 25. Qd1 Ba4 26. Rb3 Nxb3 27. axb3 Bb5 28. dxc7 Ba6 29. Nb6 Bh6 30. Bxa6 1-0

[Event "Titled Tuesday intern op 29th Dec"]
[Site "Chess.com INT"]
[Date "2020.12.29"]
[Round "7"]
[White "Toolin, Christopher"]
[Black "Hansch, Stephan"]
[Result "1-0"]
[WhiteElo "2146"]
[BlackElo "2149"]
[PlyCount "109"]
[EventDate "2020.12.29"]
[EventType "swiss (blitz)"]
[EventRounds "11"]
[EventCountry "USA"]
[SourceTitle "CBM 200 Extra"]
[Source "ChessBase"]
[SourceDate "2021.03.31"]
[SourceVersion "1"]
[SourceVersionDate "2021.03.31"]
[SourceQuality "1"]

1. d4 d5 2. c4 e6 3. Nc3 Nf6 4. Nf3 Be7 5. Bf4 0-0 6. e3 b6 7. cxd5 Nxd5 8. Nxd5 Qxd5 9. Bd3 Qa5+ 10. Nd2 Ba6 11. Bxa6 Qxa6 12. Qe2 c5 13. Bxb8 Qxe2+ 14. Kxe2 Raxb8 15. dxc5 Bxc5 16. Nb3 Rfc8 17. Rac1 Be7 18. Nd4 Kf8 19. Nc6 Ra8 20. Nxe7 Kxe7 21. e4 g5 22. e5 f5 23. exf6+ Kxf6 24. Ke3 Kf5 25. f3 h5 26. Rhd1 e5 27. g3 g4 28. fxg4+ hxg4 29. Rf1+ Kg5 30. Ke4 Rxc1 31. Rxc1 Rh8 32. Rc2 Kf6 33. a4 Ke6 34. b4 Kf6 35. b5 Rh7 36. Rc6+ Kg5 37. Kxe5 Rxh2 38. Rc7 Re2+ 39. Kd5 Re3 40. Rxa7 Rxg3 41. Rg7+ Kf6 42. Rg8 Kf7 43. Rg5 Kf6 44. Rg8 Rg1 45. Kc6 g3 46. Kxb6 g2 47. a5 Ke7 48. a6 Kd7 49. Ka7 Rb1 50. b6 g1Q 51. Rxg1 Rxg1 52. b7 Rg8 53. b8Q Rxb8 54. Kxb8 Kc6 55. a7 1-0

[Event "Titled Tuesday intern op 15st Dec"]
[Site "Chess.com INT"]
[Date "2020.12.15"]
[Round "5"]
[White "Hansch, Stephan"]
[Black "Koellner, Ruben Gideon"]
[Result "1-0"]
[WhiteElo "2149"]
[BlackElo "2412"]
[PlyCount "101"]
[EventDate "2020.12.15"]
[EventType "swiss (blitz)"]
[EventRounds "11"]
[EventCountry "USA"]
[SourceTitle "CBM 199 Extra"]
[Source "ChessBase"]
[SourceDate "2021.01.31"]
[SourceVersion "1"]
[SourceVersionDate "2021.01.31"]
[SourceQuality "1"]

1. d4 d6 2. Nf3 Nf6 3. c4 g6 4. Nc3 Bf5 5. d5 e5 6. dxe6 Bxe6 7. Nd4 Bd7 8. e4 Bg7 9. Be3 0-0 10. Be2 Nc6 11. Qd2 Re8 12. f3 Nh5 13. 0-0-0 Nxd4 14. Bxd4 Bxd4 15. Qxd4 Qg5+ 16. Kb1 Qxg2 17. Rdg1 Qh3 18. Nd5 Rac8 19. f4 Be6 20. Bxh5 Bxd5 21. Bg4 Bxe4+ 22. Qxe4 Rxe4 23. Bxh3 Rce8 24. f5 Rxc4 25. fxg6 hxg6 26. Rc1 Rxc1+ 27. Rxc1 c6 28. Bg4 Kg7 29. Kc2 f5 30. Bf3 Re3 31. Rf1 d5 32. Kd2 d4 33. Bg2 Kf6 34. b4 Ke5 35. Rc1 Ra3 36. Rc2 d3 37. Rb2 Kd4 38. b5 cxb5 39. Bxb7 a5 40. Bg2 b4 41. Bf1 g5 42. Bg2 f4 43. Bf3 Rc3 44. h3 Rc7 45. Bg4 Re7 46. Bf3 Re3 47. Bg4 Rg3 48. Rb3 Rg2+ 49. Ke1 Rxa2 50. Bf5 Ra3 51. Rb1 1-0

[Event "Titled Tuesday intern op 15st Dec"]
[Site "Chess.com INT"]
[Date "2020.12.15"]
[Round "8"]
[White "Hansch, Stephan"]
[Black "Tomczak, Mikolaj"]
[Result "1/2-1/2"]
[WhiteElo "2149"]
[BlackElo "2435"]
[PlyCount "85"]
[EventDate "2020.12.15"]
[EventType "swiss (blitz)"]
[EventRounds "11"]
[EventCountry "USA"]
[SourceTitle "CBM 199 Extra"]
[Source "ChessBase"]
[SourceDate "2021.01.31"]
[SourceVersion "1"]
[SourceVersionDate "2021.01.31"]
[SourceQuality "1"]

1. d4 Nf6 2. c4 e6 3. Nf3 c5 4. d5 b5 5. dxe6 fxe6 6. cxb5 d5 7. e3 Bd6 8. Be2 0-0 9. b3 Bb7 10. Bb2 Nbd7 11. Nbd2 Qe7 12. 0-0 e5 13. e4 dxe4 14. Bc4+ Kh8 15. Ng5 Nb6 16. Qe2 e3 17. fxe3 Nfd5 18. Rxf8+ Rxf8 19. Ngf3 e4 20. Ne1 Qg5 21. Nc2 Nxc4 22. bxc4 Nf6 23. Rf1 h5 24. a4 Kh7 25. Bxf6 gxf6 26. Qf2 Bc8 27. Nxe4 Bxh2+ 28. Kxh2 Qe5+ 29. Ng3 h4 30. Qf4 hxg3+ 31. Kxg3 Rg8+ 32. Kh2 Qh5+ 33. Kg1 Bh3 34. Ne1 f5 35. Qc7+ Rg7 36. Qxc5 Qe2 37. Qc6 Qxe3+ 38. Kh1 Bg4 39. Nf3 Qe2 40. Kg1 Qe3+ 41. Kh1 Qh6+ 42. Kg1 Qe3+ 43. Kh1 1/2-1/2

[Event "Titled Tuesday intern op 15st Dec"]
[Site "Chess.com INT"]
[Date "2020.12.15"]
[Round "1"]
[White "Liang, Jason"]
[Black "Hansch, Stephan"]
[Result "1-0"]
[WhiteElo "2317"]
[BlackElo "2149"]
[PlyCount "63"]
[EventDate "2020.12.15"]
[EventType "swiss (blitz)"]
[EventRounds "11"]
[EventCountry "USA"]
[SourceTitle "CBM 199 Extra"]
[Source "ChessBase"]
[SourceDate "2021.01.31"]
[SourceVersion "1"]
[SourceVersionDate "2021.01.31"]
[SourceQuality "1"]

1. b3 e5 2. Bb2 Nc6 3. Nf3 d6 4. d4 e4 5. d5 exf3 6. dxc6 bxc6 7. exf3 Nf6 8. Bd3 Be7 9. 0-0 0-0 10. Nd2 d5 11. Re1 Be6 12. f4 Bd6 13. f5 Bd7 14. Qf3 c5 15. Bxf6 Qxf6 16. Qxd5 Rae8 17. Nf3 Bc6 18. Qc4 Bxf3 19. gxf3 Qh6 20. h4 Qf6 21. Kg2 Re5 22. f4 Ree8 23. Rxe8 Rxe8 24. Rh1 h6 25. Rh3 Kh8 26. h5 Qd4 27. Qxf7 Rf8 28. Qg6 Qxf4 29. Rg3 Qd4 30. f6 Qd5+ 31. Kg1 Bxg3 32. Qh7# 1-0

[Event "DSOL 02 Liga Gr-D 1st"]
[Site "Playchess.com INT"]
[Date "2020.07.07"]
[Round "3.2"]
[White "Sommer, Steffen"]
[Black "Hansch, Stephan"]
[Result "0-1"]
[WhiteElo "1278"]
[BlackElo "2133"]
[PlyCount "96"]
[EventDate "2020.06.22"]
[EventType "team-tourn (rapid)"]
[EventCountry "GER"]
[SourceTitle "EXT 2021"]
[Source "ChessBase"]
[SourceDate "2020.10.23"]
[SourceVersion "1"]
[SourceVersionDate "2020.10.23"]
[SourceQuality "1"]
[WhiteTeam "Arnstadt Stadtilm"]
[BlackTeam "Stendal"]
[WhiteTeamCountry "GER"]
[BlackTeamCountry "GER"]

1. e4 c5 2. Nf3 d6 3. d4 cxd4 4. Nxd4 Nf6 5. Nc3 a6 6. Be3 e5 7. Nf3 Be7 8. h3 Be6 9. Bd3 Nbd7 10. 0-0 0-0 11. Ng5 Rc8 12. Nxe6 fxe6 13. Ne2 d5 14. Ng3 d4 15. Bd2 Qb6 16. Rb1 Bd6 17. Qe2 Qc7 18. Rfc1 Nc5 19. b3 b5 20. c4 Nxd3 21. Qxd3 Ba3 22. Rc2 a5 23. b4 Bxb4 24. Bxb4 bxc4 25. Rxc4 Qxc4 26. Qxc4 Rxc4 27. Bxf8 Kxf8 28. Rb5 d3 29. Rb2 Rc1+ 30. Kh2 Rd1 31. f3 d2 32. Nf1 Rxf1 33. Rxd2 Rb1 34. Kg3 Ke7 35. Kf2 Nd7 36. Ke3 Nb6 37. Rc2 Kd6 38. Kd3 a4 39. Rd2 Rb5 40. Kc3+ Kc7 41. Rb2 Rxb2 42. Kxb2 Kc6 43. Kc3 Kc5 44. h4 Nc4 45. g4 Nd6 46. a3 Nc4 47. h5 Nxa3 48. g5 Nb5+ 0-1

[Event "EU-ch Online U2300 Qual"]
[Site "Chess.com INT"]
[Date "2020.05.25"]
[Round "7"]
[White "Hansch, Stephan"]
[Black "Prydun, Andriy"]
[Result "0-1"]
[WhiteElo "2149"]
[BlackElo "2254"]
[PlyCount "34"]
[EventDate "2020.05.25"]
[EventType "swiss"]
[EventRounds "8"]
[EventCountry "NET"]
[SourceTitle "EXT 2021"]
[Source "ChessBase"]
[SourceDate "2020.10.23"]
[SourceVersion "1"]
[SourceVersionDate "2020.10.23"]
[SourceQuality "1"]

1. d4 d5 2. c4 c6 3. Nf3 Nf6 4. e3 e6 5. Bd3 Nbd7 6. 0-0 Be7 7. b3 0-0 8. Bb2 b6 9. Ne5 Bb7 10. Nc3 c5 11. cxd5 cxd4 12. exd4 Nxe5 13. dxe5 Nxd5 14. Nxd5 Qxd5 15. f3 Rad8 16. Be4 Qc5+ 17. Kh1 Rxd1 0-1

[Event "GER-ch Net blitz qual5"]
[Site "Playchess.com INT"]
[Date "2020.03.28"]
[Round "1"]
[White "Hansch, Stephan"]
[Black "Buckels, Valentin"]
[Result "0-1"]
[WhiteElo "2149"]
[BlackElo "2455"]
[PlyCount "210"]
[EventDate "2020.03.28"]
[EventType "swiss (blitz)"]
[EventRounds "13"]
[EventCountry "GER"]
[SourceTitle "CBM 195 Extra"]
[Source "ChessBase"]
[SourceDate "2020.05.31"]
[SourceVersion "1"]
[SourceVersionDate "2020.05.31"]
[SourceQuality "1"]

1. d4 Nf6 2. c4 e6 3. g3 d5 4. Nf3 Bb4+ 5. Bd2 a5 6. Bg2 0-0 7. 0-0 c6 8. Bg5 Be7 9. Nbd2 Nbd7 10. Qc2 b6 11. Rfd1 Ba6 12. b3 Rc8 13. e4 dxe4 14. Nxe4 Nxe4 15. Bxe7 Qxe7 16. Qxe4 Nf6 17. Qc2 Rfd8 18. Ne5 Bb7 19. c5 b5 20. Rd2 Nd5 21. a3 f6 22. Nd3 Qf7 23. f4 Ne7 24. Nf2 Nf5 25. Rad1 Ne3 26. Qb2 Nxd1 27. Rxd1 Rc7 28. Ne4 Rcd7 29. Nd6 Rxd6 30. cxd6 Rxd6 31. Qc3 Qe7 32. Bf3 Rd7 33. b4 axb4 34. axb4 Qd6 35. Kf2 Kf7 36. Bh5+ g6 37. Bf3 Rc7 38. h4 Bc8 39. h5 Bd7 40. hxg6+ hxg6 41. Rh1 Kg7 42. Ke3 Rc8 43. Qd2 Rh8 44. Rxh8 Kxh8 45. Qh2+ Kg7 46. Qd2 Kf7 47. Qc3 Ke7 48. Be4 g5 49. Qd2 gxf4+ 50. gxf4 Kd8 51. Qc3 Kc7 52. Qa3 Kb8 53. Qa5 Qc7 54. Qa3 Qa7 55. Qc3 Kc7 56. Kd3 Qa2 57. Ke3 f5 58. Bf3 Qa7 59. Qb3 Qa1 60. Kd3 Qf1+ 61. Ke3 Qc1+ 62. Ke2 Qxf4 63. Qc3 Qd6 64. Ke3 Kb7 65. Ke2 Kc7 66. Ke3 Kd8 67. Ke2 Ke7 68. Ke3 Kf7 69. Ke2 Ke8 70. Bh5+ Kd8 71. Bf3 Qc7 72. Ke3 Kc8 73. Ke2 Kb7 74. Ke3 Qb6 75. Kd3 Qa7 76. Ke3 e5 77. Kd3 e4+ 78. Bxe4 fxe4+ 79. Kxe4 Qa2 80. Ke3 Qe6+ 81. Kd2 Qh6+ 82. Ke1 Qh1+ 83. Kd2 Qg2+ 84. Ke1 Bg4 85. Qe3 Qh1+ 86. Kf2 Qh4+ 87. Kg1 Bh3 88. Qe5 Qg4+ 89. Kf2 Qg2+ 90. Ke1 Qf1+ 91. Kd2 Qf2+ 92. Kc1 Qg1+ 93. Kd2 Qg2+ 94. Kc1 Bd7 95. Qc5 Qd5 96. Qe7 Qxd4 97. Kc2 Kb6 98. Kc1 Bf5 99. Qe1 Qc4+ 100. Kb2 Qc2+ 101. Ka1 Qd3 102. Kb2 Qd4+ 103. Kc1 Be4 104. Qf1 Qa1+ 105. Kd2 Qxf1 0-1

[Event "GER-ch Net blitz qual5"]
[Site "Playchess.com INT"]
[Date "2020.03.28"]
[Round "5"]
[White "Winkels, Marcel"]
[Black "Hansch, Stephan"]
[Result "1-0"]
[WhiteElo "1990"]
[BlackElo "2149"]
[PlyCount "53"]
[EventDate "2020.03.28"]
[EventType "swiss (blitz)"]
[EventRounds "13"]
[EventCountry "GER"]
[SourceTitle "CBM 195 Extra"]
[Source "ChessBase"]
[SourceDate "2020.05.31"]
[SourceVersion "1"]
[SourceVersionDate "2020.05.31"]
[SourceQuality "1"]

1. e4 c5 2. Nf3 d6 3. d4 cxd4 4. Nxd4 Nf6 5. Nc3 a6 6. Bc4 e6 7. Bb3 Nbd7 8. 0-0 Nc5 9. f4 Be7 10. f5 Nxb3 11. axb3 e5 12. Nde2 Bd7 13. Bg5 Qb6+ 14. Kh1 Ng4 15. Bxe7 Nf2+ 16. Rxf2 Qxf2 17. Qxd6 Bb5 18. Bg5 f6 19. Nd5 Kf7 20. Qe6+ Kf8 21. Bxf6 Re8 22. Be7+ Rxe7 23. Qxe7+ Kg8 24. Ng3 h5 25. f6 Rh7 26. Nf5 Bf1 27. Qe8# 1-0

[Event "GER-ch Net blitz qual3"]
[Site "Playchess.com INT"]
[Date "2020.03.21"]
[Round "9"]
[White "Eilenberg, Jonas"]
[Black "Hansch, Stephan"]
[Result "0-1"]
[WhiteElo "2137"]
[BlackElo "2149"]
[PlyCount "128"]
[EventDate "2020.03.21"]
[EventType "swiss (blitz)"]
[EventRounds "9"]
[EventCountry "GER"]
[SourceTitle "CBM 195 Extra"]
[Source "ChessBase"]
[SourceDate "2020.05.31"]
[SourceVersion "1"]
[SourceVersionDate "2020.05.31"]
[SourceQuality "1"]

1. d4 d5 2. c4 e6 3. Nc3 Nf6 4. cxd5 exd5 5. Bg5 c6 6. e3 Be7 7. Bd3 Nbd7 8. Nge2 h6 9. Bh4 Nh5 10. Bxe7 Qxe7 11. Qc2 Nb6 12. 0-0-0 Bd7 13. h3 0-0-0 14. Kb1 Kb8 15. a4 Qb4 16. Na2 Qxa4 17. Qxa4 Nxa4 18. g4 Nf6 19. Rc1 Nb6 20. b3 Ne8 21. Ng3 Nd6 22. Nh5 g6 23. Nf6 Bc8 24. Rhd1 Ne8 25. Nxe8 Rdxe8 26. Nc3 f5 27. gxf5 Bxf5 28. Bxf5 gxf5 29. Rg1 Rhg8 30. Ne2 Nc8 31. Nf4 Nd6 32. Nh5 Rg5 33. Nf6 Re7 34. h4 Rgg7 35. Nh5 Rxg1 36. Rxg1 Ne4 37. Rg2 a5 38. Kc2 b5 39. Kd3 Kc7 40. f3 Nd6 41. Rg6 a4 42. bxa4 bxa4 43. Rg2 Nc4 44. Re2 a3 45. Ra2 Rxe3+ 46. Kc2 Re2+ 47. Kb3 Re3+ 48. Kb4 Rxf3 49. Nf6 Rh3 50. h5 Kd6 51. Ne8+ Ke7 52. Rf2 Kxe8 53. Rf4 a2 54. Rxf5 a1Q 55. Rf8+ Kxf8 56. Kc5 Qa3+ 57. Kxc6 Ne5+ 58. Kxd5 Qa5+ 59. Ke4 Rh4+ 60. Kf5 Nf3+ 61. Kg6 Rg4+ 62. Kh7 Qc7+ 63. Kxh6 Nh4 64. d5 Nf5# 0-1

[Event "GER-ch Net blitz qual3"]
[Site "Playchess.com INT"]
[Date "2020.03.21"]
[Round "5"]
[White "Hansch, Stephan"]
[Black "Engel, Robert"]
[Result "1/2-1/2"]
[WhiteElo "2149"]
[BlackElo "2122"]
[PlyCount "67"]
[EventDate "2020.03.21"]
[EventType "swiss (blitz)"]
[EventRounds "9"]
[EventCountry "GER"]
[SourceTitle "CBM 195 Extra"]
[Source "ChessBase"]
[SourceDate "2020.05.31"]
[SourceVersion "1"]
[SourceVersionDate "2020.05.31"]
[SourceQuality "1"]

1. d4 Nf6 2. c4 e6 3. Nf3 d5 4. g3 Bb4+ 5. Bd2 Be7 6. Bg2 0-0 7. 0-0 dxc4 8. Qc2 Nc6 9. Qc3 b6 10. Ne5 Nxd4 11. Re1 Rb8 12. Qxc4 b5 13. Qc1 Bb7 14. Bxb7 Rxb7 15. Nc3 c5 16. e3 Nf5 17. Nc6 Qd7 18. Nxe7+ Nxe7 19. Rd1 Qc7 20. Ne2 a6 21. a4 Rc8 22. axb5 axb5 23. f3 Ned5 24. e4 Nb6 25. b3 c4 26. b4 Na4 27. Nc3 Nxc3 28. Qxc3 Nd7 29. Ra5 Ne5 30. Bf4 Qb6+ 31. Be3 Qc7 32. Bf4 Qb6+ 33. Be3 Qc7 34. Bf4 1/2-1/2

[Event "GER CupT 1920 prel3"]
[Site "Weissensee"]
[Date "2020.01.11"]
[Round "1.4"]
[White "Hansch, Stephan"]
[Black "Spiric, Igor"]
[Result "1/2-1/2"]
[WhiteElo "2172"]
[BlackElo "2264"]
[PlyCount "78"]
[EventDate "2020.01.11"]
[EventType "team-k.o."]
[EventRounds "2"]
[EventCountry "GER"]
[SourceTitle "EXT 2021"]
[Source "ChessBase"]
[SourceDate "2020.10.23"]
[SourceVersion "1"]
[SourceVersionDate "2020.10.23"]
[SourceQuality "1"]
[WhiteTeam "Potsdam Empor"]
[BlackTeam "Hamburger SK"]
[WhiteTeamCountry "GER"]
[BlackTeamCountry "GER"]

1. d4 Nf6 2. c4 e6 3. g3 c5 4. Nf3 cxd4 5. Nxd4 Bb4+ 6. Bd2 Bxd2+ 7. Nxd2 a6 8. Bg2 0-0 9. 0-0 d6 10. Ne4 Nxe4 11. Bxe4 Qc7 12. Rc1 Nc6 13. Nxc6 bxc6 14. Qd3 Rb8 15. b3 f5 16. Bg2 c5 17. Rfd1 Rb6 18. f4 e5 19. Bd5+ Kh8 20. e4 exf4 21. gxf4 fxe4 22. Qxe4 Bf5 23. Qe3 Rbb8 24. Re1 Qa5 25. Re2 Bg4 26. Rg2 Rbe8 27. Qg3 Re2 28. Rxe2 Bxe2 29. Re1 Bd3 30. Re3 Bf5 31. Re7 Bg6 32. Be4 Qxa2 33. Bxg6 Qa1+ 34. Kg2 Qb2+ 35. Kh1 hxg6 36. Qxg6 Qc1+ 37. Kg2 Qb2+ 38. Kh1 Qc1+ 39. Kg2 Qb2+ 1/2-1/2

[Event "BL2-Nord 1920"]
[Site "Germany"]
[Date "2019.12.07"]
[Round "5.3"]
[White "Hansch, Stephan"]
[Black "Stachowiak, Kamil"]
[Result "0-1"]
[WhiteElo "2172"]
[BlackElo "2442"]
[PlyCount "70"]
[EventDate "2019.10.19"]
[EventType "team-tourn"]
[EventRounds "9"]
[EventCountry "GER"]
[SourceTitle "CBM 194 Extra"]
[Source "ChessBase"]
[SourceDate "2020.03.31"]
[SourceVersion "1"]
[SourceVersionDate "2020.03.31"]
[SourceQuality "1"]
[WhiteTeam "Potsdam Empor"]
[BlackTeam "Zehlendorf"]
[WhiteTeamCountry "GER"]
[BlackTeamCountry "GER"]

1. d4 Nf6 2. c4 g6 3. Nc3 c5 4. d5 Bg7 5. e4 d6 6. Be2 0-0 7. Bg5 a6 8. a4 Qa5 9. Qd2 b5 10. cxb5 axb5 11. Bxb5 Ba6 12. Bxa6 Rxa6 13. Nge2 Nbd7 14. 0-0 Rb8 15. Qc2 Qb4 16. Rab1 Qb3 17. Qd2 Ne5 18. Nc1 Qb4 19. Nd3 Nxd3 20. Qxd3 c4 21. Qc2 Kf8 22. Rfc1 Nd7 23. Ne2 Nc5 24. Qxc4 Rxa4 25. Qxb4 Raxb4 26. f3 Bxb2 27. Bh6+ Ke8 28. Bd2 Bd4+ 29. Nxd4 Rxb1 30. Rxb1 Rxb1+ 31. Kf2 Nb3 32. Nxb3 Rxb3 33. Bg5 Kd7 34. Kg3 Rb2 35. h3 e6 0-1